000 00981nas a2200313 4500
001 BR0902153
003 BR-BrBNA
005 20231205112645.0
007 ta
008 230509b bl.|||p| |||| 00| 00por d
040 _aBR-BrBNA
_bpor
_cBiblioteca Nacional de Agricultura
041 _a(Pt)
072 _aL10
100 1 _aCardoso, A.M. de C.
100 1 _aAraujo, C.V. de
100 1 _aRamos, A. de A.
100 1 _aAraujo, S.I.
100 1 _aChaves, L.C. da S.
100 1 _aMarques, J.R.F.
100 1 _aInoe, A.P.
245 1 _aEstimação de parametros e tendencia genetica para produção de leite em bubalinos da raça Murrah utilizando inferencia bayesiana
650 _aBUFALO
650 _aHEREDITARIEDADE
650 _aPARAMETRO GENETICO
650 _aSELEÇÃO
773 0 _tRevista de Ciencias Agrarias (Brazil)
_xISSN 1517-591X
_g(Jan-Jun 2008), (no. 49) p. 53-64
_wBR0902153
909 _a202311
_bLúcia
_c55
_dLúcia Elande
942 _2AGRIS
_n0
_cANA
999 _c199211
_d199211